The Decline of the Muslim Ummah (Record no. 13561)
[ view plain ]
| 000 -LEADER | |
|---|---|
| fixed length control field | 00310nam a22001217a 4500 |
| 020 ## - INTERNATIONAL STANDARD BOOK NUMBER | |
| ISBN | 9789698854002 |
| 082 ## - DEWEY DECIMAL CLASSIFICATION NUMBER | |
| Classification number | 297 |
| 100 ## - MAIN ENTRY--AUTHOR NAME | |
| Personal name | Iqbal S.Hussain |
| 245 ## - TITLE STATEMENT | |
| Title | The Decline of the Muslim Ummah |
| 260 ## - PUBLICATION, DISTRIBUTION, ETC. (IMPRINT) | |
| Place of publication | Pakistan |
| Name of publisher | Humanity International Publishers and Promoters |
| Year of publication | 2004 |
| 300 ## - PHYSICAL DESCRIPTION | |
| Number of Pages | 468 pages |
| 942 ## - ADDED ENTRY ELEMENTS (KOHA) | |
| Koha item type | Books |
| Withdrawn status | Lost status | Collection code | Permanent Location | Current Location | Shelving location | Date acquired | Full call number | Accession Number | Koha item type |
|---|---|---|---|---|---|---|---|---|---|
| | | Islamic Studies | MAJU | MAJU | Shelf No.A-9 | 2022-12-16 | 297 | 10668 | Islamic Studies |